| 000 | 00594nam a2200217 a 4500 | ||
|---|---|---|---|
| 005 | 20260322212052.0 | ||
| 008 | data | ||
| 010 | _a93-033533 | ||
| 020 | _a068484477X (pbk) | ||
| 020 | _a9780684844770 (pbk) | ||
| 040 | _aDonation | ||
| 099 | _aHEGIU | ||
| 100 | 1 | _aHegi, Ursula. | |
| 245 | 1 | 0 |
_aStones from the river/ _cUrsula Hegi. |
| 250 | _a1st Scribner Paperback ed. | ||
| 260 |
_aNew York _bSimon & Schuster _c 1995 |
||
| 300 |
_a525 p. ; _c 20 cm. |
||
| 650 | 4 |
_aCity and town life _zGermany _yHistory 20th century _vfiction |
|
| 650 | 4 |
_aWomen librarians _zGermany _vfiction |
|
| 001 | data | ||
| 999 |
_c1230 _d1230 |
||